000 00872nam a22003017a 4500
001 BR8107732
003 BR-BrBNA
005 20230928091126.0
007 ta
008 230509b bl.||||| |||| 00| 0 por d
040 _aBR-BrBNA
_bpor
_cBiblioteca Nacional de Agricultura
041 _a(Por)
072 _aF30
_b/G514
090 _ F30 BR8107732
110 1 _aCentro Nacional de Recursos Geneticos, Brasilia, DF (Brasil)
_91868
245 1 _aRelatorio tecnico anual do Centro Nacional de Recursos Geneticos, 1981 [Brasil]
260 3 _aBrasilia, DF (Brasil):
_c1981.
300 _a65 p.
500 _a8 illus.; 32 tables
650 _aENGENHARIA GENETICA
650 _aPESQUISA AGRICOLA
650 _aBANCO DE GERMOPLASMA
650 _aGERMOPLASMA
650 _aSEMENTE
650 _aCONSERVACAO
909 _a202309
_bLucia
_c55
_dLucia Elande
942 _cBK
999 _c32350
_d32350